Small businesses and the shadow economy

Guardado en:
Detalles Bibliográficos
Autor principal: Nastav, Bojan
Otros Autores: Bojnec, Štefan
Formato: Capítulo de libro
Lenguaje:inglés
Materias:
Etiquetas: Agregar Etiqueta
Sin Etiquetas, Sea el primero en etiquetar este registro!

MARC

LEADER 00000naa$a2200000$$$4500
001 0075370
005 20231010112249.0
041 0 |a eng 
044 |a CZ 
245 1 0 |a Small businesses and the shadow economy  |c Bojan Nastav, Štefan Bojnec 
610 2 0 |a podnikanie malé 
610 2 0 |a ekonomika tieňová 
610 2 0 |a samozamestnanosť 
610 2 0 |a Európska únia 
610 2 0 |a modely 
100 1 |a Nastav, Bojan 
700 1 |a Bojnec, Štefan